000 00414nam a22001577a 4500
020 _a0-534-38634-2
082 _a5610.19
_bARE
_cN-1, P-146
100 _aArem, Cynthia
_938972
245 _aConquering Math Anxiety
250 _a2nd ed.
260 _aCanda
_bThomson Learning
300 _axxiv, 193, :
_bill, :
_c10 Cm
526 _a0
_b0
_c0
_d5610_190000000000000_ARE
650 _aNUST
_96342
942 _2ddc
_cBK
999 _c543571
_d543571